Rozpoznaj państwa po kształtach #3 - Statystyki

Ogólne statystyki
  • Ten quiz został rozwiązany 5 280 razy
  • Średni wynik to 12 z 16
Statystyki odpowiedzi
Obrazkowy Odpowiedź % Poprawnych
Niemcy
97%
Cypr
94%
Chorwacja
89%
Szwecja
86%
Ukraina
84%
Tajlandia
81%
Somalia
80%
Portugalia
78%
Madagaskar
76%
Mongolia
75%
Iran
72%
Czad
68%
Bangladesz
64%
Peru
61%
Demokratyczna Republika Konga
60%
Haiti
49%
Nie znaleziono quizów pasujących do podanych kryteriów
Rozkład punktacji
Procent ludzi z każdym wynikiem
Percentyl według liczby udzielonych odpowiedzi
Twoja historia wyników
Nie rozwiązałeś tego quizu